Normal view
MARC view
Entry Personal Name
001 - CONTROL NUMBER
- control field: 36412
003 - CONTROL NUMBER IDENTIFIER
- control field: OSt
005 - DATE AND TIME OF LATEST TRANSACTION
- control field: 20230303155127.0
008 - FIXED-LENGTH DATA ELEMENTS
- fixed length control field: 230303|| aca||aabn | a|a d
040 ## - CATALOGING SOURCE
- Original cataloging agency: OSt
- Transcribing agency: OSt
100 ## - HEADING--PERSONAL NAME
- Personal name: Settele, Sonja
670 ## - SOURCE DATA FOUND
- Source citation: Work cat.: (OSt)521202: Settele, Sonja , How do beliefs about the gender wage gap affect the demand for public policy?
